Las corporaciones multinacionales en el desarrollo mundial
Guardado en:
| Autor Corporativo: | |
|---|---|
| Formato: | Texto |
| Publicado: |
Buenos Aires:
Paidós
|
| Edición: | 2 |
| Etiquetas: |
Agregar Etiqueta
Sin Etiquetas, Sea el primero en etiquetar este registro!
|
MARC
| LEADER | 00000 a a2200000 04500 | ||
|---|---|---|---|
| 001 | 23814 | ||
| 003 | |||
| 040 | |||
| 090 | |a 164200 | ||
| 110 | |a Naciones Unidas. Departamento de Asuntos económicos y sociales | ||
| 245 | |a Las corporaciones multinacionales en el desarrollo mundial | ||
| 250 | |a 2 | ||
| 260 | |a Buenos Aires: |b Paidós | ||
| 300 | |a 170 p. |b **no definido** | ||
| 999 | |c 13294 |d 13294 | ||
